Catálogo

ORGANIZACION Y DIRECCION INDUSTRIAL (Registro nro. 21992)

Detalles MARC
000 -LEADER
fixed length control field 00504nam a2200169 a 4500
001 - CONTROL NUMBER
control field 21992
005 - DATE AND TIME OF LATEST TRANSACTION
control field 20180713215830.0
008 - FIXED-LENGTH DATA ELEMENTS--GENERAL INFORMATION
fixed length control field 140415s1968 000 0 spa d
041 ## - LANGUAGE CODE
Language code of text/sound track or separate title spa
082 ## - DEWEY DECIMAL CLASSIFICATION NUMBER
Classification number 338.06
Item number ORG
245 00 - TITLE STATEMENT
Title ORGANIZACION Y DIRECCION INDUSTRIAL
250 ## - EDITION STATEMENT
Edition statement 7ed.
260 ## - PUBLICATION, DISTRIBUTION, ETC.
Place of publication, distribution, etc. [s.l.] :
Name of publisher, distributor, etc. FONDO DE CULTURA ECONOMICA,
Date of publication, distribution, etc. 1968
300 ## - PHYSICAL DESCRIPTION
Extent 882
490 ## - SERIES STATEMENT
Series statement SECCION DE OBRAS DE ECONOMIA
650 14 - SUBJECT ADDED ENTRY--TOPICAL TERM
Topical term or geographic name entry element ADMINISTRACION INDUSTRIAL
General subdivision MICROECONOMIA
-- RELACIONES INDUSTRIALES
Existencias
Withdrawn status Lost status Source of classification or shelving scheme Damaged status Not for loan Collection code Home library Current library Shelving location Date acquired Source of acquisition Inventory number Total Checkouts Full call number Barcode Date last seen Price effective from Koha item type
    Dewey Decimal Classification     General Biblioteca Karol Wojtyla Biblioteca Karol Wojtyla Sala general 03/12/2013 Compra 151000000000000000052101   338.06 ORG 42422 05/01/2026 03/12/2013 Libro